| 000 | 01024nam a2200289 a 4500 | ||
|---|---|---|---|
| 008 | |||
| 020 | _a9780323583909 (hardback) | ||
| 040 |
_aNUST _cNUST |
||
| 049 | _aMAIN | ||
| 090 |
_aRD81 _bPRA |
||
| 245 | 1 | 0 |
_aPractice management : _bsuccessfully guiding your group into the future/ _cedited by Amr E Abouleish & Stanley W Stead consulting editor Lee A Fleisher. |
| 260 |
_aPhiladelphia, PA : _bElsevier, _c2018. |
||
| 300 |
_axvii, 189 pages : _billustrations (some colour) ; _c24 cm. |
||
| 336 |
_atext _btxt _2rdacontent |
||
| 337 |
_aunmediated _bn _2rdamedia |
||
| 338 |
_avolume _bnc _2rdacarrier |
||
| 504 | _aIncludes bibliographical references. | ||
| 650 | 1 | _aAnesthesia services. | |
| 650 |
_aAnesthesiology _xPractice. |
||
| 700 |
_aAbouleish, Amr E., _aeditor. |
||
| 700 |
_aStead, Stanley W., _aeditor. |
||
| 700 |
_aFleisher, Lee A., _aeditor. |
||
| 907 |
_a.b1041244x _b04-11-21 _c04-11-21 |
||
| 003 | |||
| 005 | 20230120204334.0 | ||
| 942 |
_cBOOKS _kRD81 _mPRA |
||
| 999 |
_c121472 _d121472 |
||